| 000 | 00816nam a22001577a 4500 | ||
|---|---|---|---|
| 003 | OSt | ||
| 005 | 20151007100707.0 | ||
| 008 | 151007b xxu||||| |||| 00| 0 eng d | ||
| 040 | _cRUA | ||
| 082 | _aAVM TUN 2006 B078 Or.1 | ||
| 100 |
_92244 _aTUNG, TITHANA. |
||
| 245 | _aThe effect of using blood meal for the growth of fattening pig at tapove' farmkean svay district kandal province (ប្រសិទ្ធភាពនៃការប្រើប្រាស់ម្សៅឈាមទៅលើការលូតលាស់កូនជ្រូកក្រោយពេលផ្ដាច់ដោះនៅកសិដ្ឋានតាពៅស្រុកគៀនស្វាយខេត្តកណ្ដាល) | ||
| 260 |
_aPhnom Penh _bRUA _c2006 |
||
| 300 |
_axii, 31p. _bill. _c29cm. |
||
| 942 |
_2ddc _cAVM |
||
| 999 |
_c2115 _d2115 |
||